U.S. Roman Catholic Dioceses and Archdioceses - Statistics

General Stats
  • This quiz has been taken 103 times
  • The average score is 100 of 176
Answer Stats
Answer % Correct
New York
94%
Boston
88%
Los Angeles
88%
Miami
86%
San Francisco
86%
Seattle
86%
Atlanta
84%
Buffalo
83%
Chicago
83%
Dallas
83%
Galveston | Houston
83%
Portland | Maine
83%
Portland | Oregon
83%
Washington
83%
Jackson
81%
New Orleans
81%
San Antonio
81%
Denver
80%
Detroit
80%
Lafayette | Indiana
80%
Saint Paul | Minneapolis
80%
Springfield | Illinois
80%
Wheeling | Charleston
80%
Albany
78%
Baltimore
78%
Charleston
78%
Kansas City
78%
Kansas City | Saint Joseph
78%
Nashville
78%
Philadelphia
78%
Phoenix
78%
Providence
78%
Sacramento
78%
Saint Louis
78%
Honolulu
77%
Indianapolis
77%
Rochester
77%
San Diego
77%
Santa Fé
77%
Springfield | Cape Girardeau
77%
Springfield | Massachusetts
77%
Winona | Rochester
77%
Anchorage | Juneau
75%
Baton Rouge
75%
Cincinnati
75%
Columbus
75%
Louisville
75%
Raleigh
75%
Austin
73%
Cleveland
73%
Memphis
73%
Milwaukee
73%
Pittsburgh
73%
Richmond
73%
Birmingham
72%
Charlotte
72%
Las Vegas
72%
Madison
72%
Oklahoma City
72%
Orlando
72%
Pensacola | Tallahassee
72%
Savannah
72%
El Paso
70%
Mobile
70%
Syracuse
70%
Tucson
70%
Des Moines
69%
Hartford
69%
Lincoln
69%
Fort Worth
67%
Omaha
67%
Salt Lake City
67%
Colorado Springs
66%
Fresno
66%
Newark
66%
San Bernardino
66%
San Jose
66%
Fargo
64%
Harrisburg
64%
Reno
64%
Spokane
64%
Toledo
64%
Tulsa
64%
Corpus Christi
63%
Oakland
63%
Cheyenne
61%
Fairbanks
61%
Lansing
61%
Wichita
61%
Duluth
59%
Grand Rapids
59%
Lexington
59%
Erie
58%
Little Rock
58%
Saint Petersburg
58%
Shreveport
58%
Sioux Falls
58%
Trenton
58%
Arlington
56%
Bismarck
56%
Burlington
56%
Fort Wayne | South Bend
56%
Green Bay
56%
Manchester
56%
Alexandria
55%
Knoxville
55%
Scranton
53%
Wilmington
53%
Amarillo
52%
Jefferson City
52%
Lafayette | Louisiana
52%
Bridgeport
50%
Brooklyn
50%
Great Falls | Billings
50%
Laredo
50%
Lubbock
50%
Peoria
50%
Worcester
50%
Baker
48%
Orange
48%
Saint Augustine
48%
Allentown
47%
Helena
47%
Gary
45%
Brownsville
42%
Davenport
42%
Dubuque
42%
Stockton
42%
Evansville
41%
Rockford
41%
Sioux City
41%
Biloxi
39%
Kalamazoo
38%
Rapid City
38%
Pueblo
36%
Tyler
36%
Yakima
36%
Youngstown
36%
Camden
34%
Joliet
34%
Las Cruces
34%
Marquette
34%
Monterey
34%
La Crosse
33%
Lake Charles
33%
Saint Cloud
33%
Altoona | Johnstown
31%
Santa Rosa
31%
Beaumont
30%
Fall River
30%
Palm Beach
30%
San Angelo
30%
Houma | Thibodaux
28%
Saginaw
28%
Paterson
27%
Superior
27%
Victoria
27%
Dodge City
25%
Venice
25%
Covington
23%
Gallup
23%
Steubenville
23%
Gaylord
22%
Owensboro
22%
Greensburg
20%
Norwich
20%
Belleville
19%
Grand Island
19%
Ogdensburg
19%
Salina
19%
Metuchen
17%
New Ulm
17%
Rockville Centre
17%
Crookston
14%
Saint Thomas
8%
Boise City
3%
No matching quizzes found
Score Distribution
Percent of People with Each Score
Percentile by Number Answered
Your Score History
You have not taken this quiz